Akta Kastam 1967: Perintah Duti Kastam ( Barang-barang Di Bawah Perjanjian Perdagangan Bebas Antara Malaysia Dengan New Zealand) 2010 [ P.U. (A) 254/2010] = (Record no. 2146)
[ view plain ]
| 000 -LEADER | |
|---|---|
| fixed length control field | nam a22 a 4500 |
| 005 - DATE AND TIME OF LATEST TRANSACTION | |
| control field | 20170515160822.0 |
| 008 - FIXED-LENGTH DATA ELEMENTS--GENERAL INFORMATION | |
| fixed length control field | 170515s2010 my ||||| |||| 00| 0 eng d |
| 040 ## - CATALOGING SOURCE | |
| Original cataloging agency | AKMAL |
| 082 ## - DEWEY DECIMAL CLASSIFICATION NUMBER | |
| Classification number | 382.9595093 MAL |
| 090 ## - LOCALLY ASSIGNED LC-TYPE CALL NUMBER (OCLC); LOCAL CALL NUMBER (RLIN) | |
| Classification number (OCLC) (R) ; Classification number, CALL (RLIN) (NR) | 382.9595093 |
| Local cutter number (OCLC) ; Book number/undivided call number, CALL (RLIN) | MAL |
| 110 ## - MAIN ENTRY--CORPORATE NAME | |
| Corporate name or jurisdiction name as entry element | Malaysia |
| Subordinate unit | Jabatan Kastam Diraja Malaysia |
| 9 (RLIN) | 1301 |
| 245 00 - TITLE STATEMENT | |
| Title | Akta Kastam 1967: Perintah Duti Kastam ( Barang-barang Di Bawah Perjanjian Perdagangan Bebas Antara Malaysia Dengan New Zealand) 2010 [ P.U. (A) 254/2010] = |
| Remainder of title | Customs Act 1967: Customs Duties(Goods Under The Free Trade Agreement Between Malaysia and New Zealand) 2010 [P.U.(A) 254/2010] |
| 260 ## - PUBLICATION, DISTRIBUTION, ETC. | |
| Place of publication, distribution, etc. | Kuala Lumpur; |
| Name of publisher, distributor, etc. | Percetakan Nasional Berhad, |
| Date of publication, distribution, etc. | 2010. |
| 300 ## - PHYSICAL DESCRIPTION | |
| Extent | 900pages |
| Other physical details | illustrated; |
| Dimensions | 25cm |
| 500 ## - GENERAL NOTE | |
| General note | Parallel text in Bahasa Malaysia and English |
| 650 1# - SUBJECT ADDED ENTRY--TOPICAL TERM | |
| Topical term or geographic name entry element | Customs Administration |
| General subdivision | Law and legislation |
| Geographic subdivision | Malaysia. |
| 9 (RLIN) | 4489 |
| 650 1# - SUBJECT ADDED ENTRY--TOPICAL TERM | |
| Topical term or geographic name entry element | Trade |
| General subdivision | Law and legislation |
| Geographic subdivision | Malaysia |
| 9 (RLIN) | 4490 |
| 650 2# - SUBJECT ADDED ENTRY--TOPICAL TERM | |
| Topical term or geographic name entry element | Tariff |
| General subdivision | Law and legislation |
| Geographic subdivision | Malaysia |
| 9 (RLIN) | 20 |
| 942 ## - ADDED ENTRY ELEMENTS (KOHA) | |
| Source of classification or shelving scheme | |
| Koha item type | Book |
| 950 ## - LOCAL HOLDINGS (RLIN) | |
| Permanent shelving location, LOC (RLIN) | AKMAL |
| Withdrawn status | Lost status | Source of classification or shelving scheme | Damaged status | Not for loan | Collection code | Home library | Current library | Shelving location | Date acquired | Inventory number | Total Checkouts | Full call number | Barcode | Date last seen | Price effective from | Koha item type |
|---|---|---|---|---|---|---|---|---|---|---|---|---|---|---|---|---|
| NON-FICTION | AKMAL Melaka | AKMAL Melaka | PINJAMAN | 17.05.2017 | 305770 | 382.9595093 MAL | 201703222 | 17.05.2017 | 17.05.2017 | Book | ||||||
| NON-FICTION | AKMAL Melaka | AKMAL Melaka | PINJAMAN | 17.05.2017 | 305771 | 382.9595093 MAL | 201703223 | 17.05.2017 | 17.05.2017 | Book | ||||||
| NON-FICTION | AKMAL Melaka | AKMAL Melaka | PINJAMAN | 17.05.2017 | 305772 | 382.9595093 MAL | 201703224 | 17.05.2017 | 17.05.2017 | Book | ||||||
| NON-FICTION | AKMAL Melaka | AKMAL Melaka | PINJAMAN | 17.05.2017 | 305774 | 382.9595093 MAL | 201703225 | 17.05.2017 | 17.05.2017 | Book | ||||||
| NON-FICTION | AKMAL Melaka | AKMAL Melaka | PINJAMAN | 17.05.2017 | 305775 | 382.9595093 MAL | 201703226 | 17.05.2017 | 17.05.2017 | Book | ||||||
| NON-FICTION | AKMAL Melaka | AKMAL Melaka | PINJAMAN | 17.05.2017 | 305776 | 382.9595093 MAL | 201703227 | 17.05.2017 | 17.05.2017 | Book | ||||||
| NON-FICTION | AKMAL Melaka | AKMAL Melaka | PINJAMAN | 17.05.2017 | 305777 | 382.9595093 MAL | 201703228 | 17.05.2017 | 17.05.2017 | Book | ||||||
| NON-FICTION | AKMAL Melaka | AKMAL Melaka | PINJAMAN | 17.05.2017 | 305778 | 382.9595093 MAL | 201703229 | 17.05.2017 | 17.05.2017 | Book | ||||||
| NON-FICTION | AKMAL Melaka | AKMAL Melaka | PINJAMAN | 17.05.2017 | 305779 | 382.9595093 MAL | 201703230 | 17.05.2017 | 17.05.2017 | Book | ||||||
| NON-FICTION | AKMAL Melaka | AKMAL Melaka | PINJAMAN | 17.05.2017 | 382.9595093 MAL | 201703231 | 17.05.2017 | 17.05.2017 | Book |
